Online
Catalog

Los problemas de la institucionalización y preservación de la democracia en la República Dominica / (Record no. 6506)

MARC details
000 -CABECERA
campo de control de longitud fija 01526nam a2200265 i 4500
001 - NÚMERO DE CONTROL
campo de control 000006717
003 - IDENTIFICADOR DEL NÚMERO DE CONTROL
campo de control DO-SdBNP
005 - FECHA Y HORA DE LA ÚLTIMA TRANSACCIÓN
campo de control 20240927073746.0
007 - CAMPO FIJO DE DESCRIPCIÓN FÍSICA--INFORMACIÓN GENERAL
campo de control de longitud fija ta
008 - DATOS DE LONGITUD FIJA--INFORMACIÓN GENERAL
campo de control de longitud fija 090902s1982 dr 001 0 spa d
040 ## - FUENTE DE LA CATALOGACIÓN
Centro catalogador/agencia de origen DO-SdBNP
Lengua de catalogación spa
Centro/agencia transcriptor BNPHU
Normas de descripción rda
082 #4 - NÚMERO DE LA CLASIFICACIÓN DECIMAL DEWEY
Número de documento/Ítem P962i
Número de edición 22
245 04 - MENCIÓN DE TÍTULO
Título Los problemas de la institucionalización y preservación de la democracia en la República Dominica /
Mención de responsabilidad, etc. edición Jeannette Canals ; composición y diagramación, Ninón León de Seleme
264 ## - PRODUCCIÓN, PUBLICACIÓN, DISTRIBUCIÓN, FABRICACIÓN Y COPYRIGHT
Producción, publicación, distribución, fabricación y copyright Santo Domingo :
Nombre del de productor, editor, distribuidor, fabricante Amigo del Hogar,
Fecha de producción, publicación, distribución, fabricación o copyright 1982.
300 ## - DESCRIPCIÓN FÍSICA
Extensión 173 p. ;
Dimensiones 22 cm.
490 1# - MENCIÓN DE SERIE
Mención de serie Democracia :
-- Forum
Designación de volumen o secuencia 2
500 ## - NOTA GENERAL
Nota general Expositores : Joaquín Ricardo -- Rafael Alburquerque -- José del Castillo -- José Francisco Peña Gómez -- Narciso Isa Conde.
504 ## - NOTA DE BIBLIOGRAFÍA, ETC.
Nota de bibliografía, etc. Bibliografía: página (161)
505 1# - NOTA DE CONTENIDO CON FORMATO
Nota de contenido con formato Presentación.
Información miscelánea Introducción.
Título La preservación y la institucionalización de la democracia. por Joaquín Balaguer.--
-- Personalismo, caudillismo y democracia. por Rafael Alburquerque.--
-- El proceso electoral contemporáneo en la República Dominicana. por José del Castillo.--
-- La democracia y principio de la no reelección. por José Francisco Peña Gómez.--
-- Democracia y clases sociales. por Narciso Isa Conde.
600 10 - PUNTO DE ACCESO ADICIONAL DE MATERIA--NOMBRE DE PERSONA
Nombre de persona Balaguer, Joaquín,
Fechas asociadas al nombre 1906-2002
Título de la obra La preservación y la institucionalización de la democracia
9 (RLIN) 76556
700 1# - PUNTO DE ACCESO ADICIONAL--NOMBRE DE PERSONA
Nombre de persona Canals, Jeanntte
Término indicativo de función/relación editora
9 (RLIN) 18694
700 1# - PUNTO DE ACCESO ADICIONAL--NOMBRE DE PERSONA
Nombre de persona León de Seleme , Ninón
Término indicativo de función/relación composición y diagramación,
9 (RLIN) 77590
830 #0 - PUNTO DE ACCESO ADICIONAL DE SERIE-TÍTULO UNIFORME
Título uniforme Forum ;
Designación de volumen o secuencia No. 2
9 (RLIN) 7075
942 ## - ELEMENTOS DE PUNTO DE ACCESO ADICIONAL (KOHA)
Fuente del sistema de clasificación o colocación Dewey Decimal Classification
Tipo de ítem Koha Libro
Holdings
Estado de retiro Estado de pérdida Fuente del sistema de clasificación o colocación No para préstamo Código de colección Localización permanente Ubicación/localización actual Ubicación en estantería Fecha de adquisición Fuente de adquisición Total de préstamos Signatura topográfica completa Código de barras Fecha visto por última vez Precio válido a partir de Tipo de ítem Koha Número de copia
    Dewey Decimal Classification Excluido de préstamo Dominicana de Servicio Biblioteca Nacional Pedro Henríquez Ureña General   12.06.2019 COPARDOM   BNPHU-DS xxxx P962i 2020-0742 15.12.2020 15.12.2020 Libro y Folleto Colección Dominicana de Servicio e.3
    Dewey Decimal Classification Excluido de préstamo Patrimonio Dominicano Biblioteca Nacional Pedro Henríquez Ureña Patrimonio Dominicano Depósito 12.06.2019 Donado por COPARDOM   BNPHU-PD xxxx P962i 2020-0740 25.06.2020 25.06.2020 Libro y Folleto Colección Patrimonio Dominicano  
    Dewey Decimal Classification Excluido de préstamo Patrimonio Dominicano Biblioteca Nacional Pedro Henríquez Ureña Patrimonio Dominicano Depósito 02.09.2009     BNPHU-PD xxxx P962i 2020-0741 25.06.2020 25.06.2020 Libro y Folleto Colección Patrimonio Dominicano e. 2

Powered by Koha